Extinct Animals of Africa-Pictures - Statistics

General Stats
  • This quiz has been taken 35 times
  • The average score is 3 of 12
Answer Stats
Picture Answer % Correct
Quagga
87%
Barbary Lion
81%
Aurochs
48%
Bluebuck
26%
Atlas Brown Bear
19%
North African Elephant
13%
Canary Islands Oystercatcher
10%
African Giant Buffalo
6%
Slender-Billed Curlew
3%
Du Toits Torrent Frog
0%
Ethiopian Amphibious Rat
0%
Makapania
0%
No matching quizzes found
Score Distribution
Percent of People with Each Score
Percentile by Number Answered
Your Score History
You have not taken this quiz